The tragedy of Korea With twenty-seven illustrations

Đã lưu trong:
书目详细资料
主要作者: F. A. McKenzie
格式: 图书
语言:Undetermined
出版: Korea Yonsei University Press 1969
主题:
标签: 添加标签
没有标签, 成为第一个标记此记录!
Thư viện lưu trữ: Trung tâm Học liệu Trường Đại học Cần Thơ
LEADER 00544nam a2200205Ia 4500
001 CTU_90708
008 210402s9999 xx 000 0 und d
082 |a 915.19 
082 |b M478 
100 |a F. A. McKenzie 
245 4 |a The tragedy of Korea 
245 0 |b With twenty-seven illustrations 
245 0 |c F. A. McKenzie 
260 |a Korea 
260 |b Yonsei University Press 
260 |c 1969 
650 |a japanese,korea 
650 |x korea,history 
904 |i Mai Loan 
980 |a Trung tâm Học liệu Trường Đại học Cần Thơ